[Event "Pornic op"]
[Site "Pornic"]
[Date "2008.08.??"]
[Round "2"]
[White "Saucey, Michel"]
[Black "Chilin, Kevin"]
[Result "1-0"]
[WhiteElo "2348"]
[BlackElo "1964"]
[PlyCount "71"]
[EventDate "2008.08.??"]
[EventType "swiss"]
[EventRounds "6"]
[EventCountry "FRA"]
[SourceTitle "EXT 2009"]
[Source "ChessBase"]
[SourceDate "2008.11.26"]
[SourceVersion "1"]
[SourceVersionDate "2008.11.26"]
[SourceQuality "1"]

1. d4 d5 2. Nf3 Nf6 3. c4 e6 4. Nc3 Nbd7 5. cxd5 exd5 6. Bf4 c6 7. e3 Be7 8. Bd3 0-0 9. Qc2 Re8 10. 0-0 Nf8 11. Rab1 Ng6 12. Bg3 Nh5 13. b4 Nxg3 14. hxg3 a6 15. Rfc1 Bd6 16. Na4 Bg4 17. Nh2 Qg5 18. Nc5 Rab8 19. e4 Bxc5 20. Qxc5 Be6 21. e5 Bf5 22. Nf3 Qg4 23. Qc2 Bxd3 24. Qxd3 Ne7 25. a4 Qf5 26. Qd2 f6 27. Nh4 Qg5 28. Qxg5 fxg5 29. Nf3 Nf5 30. g4 Nh6 31. Nh2 Rbc8 32. f3 Nf7 33. Nf1 Nd8 34. Ne3 g6 35. Nxd5 Kf7 36. Nf6 1-0

[Event "Malakoff op 5th"]
[Site "Malakoff"]
[Date "2006.04.15"]
[Round "9"]
[White "Chanoine, Guillaume"]
[Black "Chilin, Kevin"]
[Result "1-0"]
[WhiteElo "2202"]
[BlackElo "1926"]
[PlyCount "49"]
[EventDate "2006.04.08"]
[EventType "swiss"]
[EventRounds "9"]
[EventCountry "FRA"]
[SourceTitle "CBM 111 Extra"]
[Source "ChessBase"]
[SourceDate "2006.05.09"]
[SourceVersion "1"]
[SourceVersionDate "2006.05.09"]
[SourceQuality "1"]

1. e4 e6 2. d4 d5 3. Nd2 Nf6 4. e5 Nfd7 5. Bd3 c5 6. c3 Nc6 7. Ne2 Be7 8. Nf3 0-0 9. 0-0 f6 10. exf6 Nxf6 11. Re1 Bd6 12. Bg5 e5 13. dxe5 Nxe5 14. Nxe5 Bxe5 15. Ng3 Bxg3 16. hxg3 Bd7 17. Qc2 h6 18. Bf4 Qb6 19. Bg6 Be8 20. Re7 Bxg6 21. Qxg6 Ne8 22. Re6 Qxb2 23. Rb1 Qxa2 24. Rxb7 Qa1+ 25. Kh2 1-0